000 00787cam a2200205 i 4500
005 20260128090605.0
008 250721s2023 jo gr 000 0 ara d
082 1 4 _a353.009
_bح ا م
100 1 _aحامد، ادم محمد موسى
_eمؤلف.
245 1 2 _aالحوكمة وعلاج الفساد الاداري في عهد صدر الاسلام /
_cادم محمد موسى حامد.
250 _aالطبعة الاولى.
264 3 1 _aعمان :
_bعصور للنشر و التوزيع،
_c2023.
300 _a178 صفحة.
650 1 7 _aالفساد الاداري.
650 1 7 _aالادارة العامة.
650 1 7 _aالشريعة الاسلامية.
650 1 7 _aعصر صدر الاسلام.
942 _2ddc
_cBK
999 _c144674
_d144674